How to teach God's story (Record no. 23290)
[ view plain ]
| 000 -LEADER | |
|---|---|
| fixed length control field | 00450nam a22001571a 4500 |
| 020 ## - INTERNATIONAL STANDARD BOOK NUMBER | |
| Terms of availability | 0.00 |
| 040 ## - CATALOGING SOURCE | |
| Original cataloging agency | NEGST Library - Kenya |
| 082 ## - DEWEY DECIMAL CLASSIFICATION NUMBER | |
| Classification number | BV 1471.G53 1981 |
| 100 ## - MAIN ENTRY--PERSONAL NAME | |
| Personal name | Glass, Joseph D. |
| 245 ## - TITLE STATEMENT | |
| Title | How to teach God's story |
| Statement of responsibility, etc | Joseph D. Glass |
| Medium | [Text] |
| 260 ## - PUBLICATION, DISTRIBUTION, ETC. (IMPRINT) | |
| Name of publisher, distributor, etc | Parish Life Press, Philadelphia |
| Date of publication, distribution, etc | 1981 |
| 300 ## - PHYSICAL DESCRIPTION | |
| Extent | 128p |
| 600 ## - SUBJECT ADDED ENTRY--PERSONAL NAME | |
| Personal name | Christian education |
| General subdivision | study and teaching. |
| 852 ## - LOCATION/CALL NUMBER | |
| -- | 8.20 |
| 942 00 - ADDED ENTRY ELEMENTS (KOHA) | |
| Koha issues (borrowed), all copies | 1 |
| Withdrawn status | Lost status | Source of classification or shelving scheme | Damaged status | Not for loan | Collection code | Home library | Current library | Shelving location | Date acquired | Cost, normal purchase price | Total Checkouts | Full call number | Barcode | Date last seen | Date checked out | Copy number | Price effective from | Koha item type |
|---|---|---|---|---|---|---|---|---|---|---|---|---|---|---|---|---|---|---|
| Library of Congress Classification | General Circulation | AIU/NEGST - Tony Wilmot Memorial Library | AIU/NEGST - Tony Wilmot Memorial Library | General Stacks | 02/04/2010 | 8.20 | 4 | BV 1471.G53 1981 | R21772X3232 | 05/06/2024 | 04/17/2024 | 1 | 02/04/2010 | Books |
